Old NFL Football Team Logos - Statistics

General Stats
  • This quiz has been taken 75 times
  • The average score is 30 of 32
Answer Stats
Picture Answer % Correct
Jacksonville Jaguars
100%
Miami Dolphins
100%
Minnesota Vikings
98%
Arizona Cardinals
97%
Baltimore Ravens
97%
Carolina Panthers
97%
Dallas Cowboys
97%
Detroit Lions
97%
Los Angeles Rams
97%
Atlanta Falcons
95%
Green Bay Packers
95%
Houston Texans
95%
Indianapolis Colts
95%
New England Patriots
95%
Cincinnati Bengals
94%
Denver Broncos
94%
New Orleans Saints
94%
New York Jets
94%
Philadelphia Eagles
94%
Seattle Seahawks
94%
Washington Commanders
94%
Buffalo Bills
92%
Kansas City Chiefs
92%
Las Vegas Raiders
92%
Pittsburgh Steelers
92%
Tennessee Titans
92%
Los Angeles Chargers
91%
Tampa Bay Buccaneers
89%
San Francisco 49ers
88%
Cleveland Browns
84%
New York Giants
83%
Chicago Bears
63%
No matching quizzes found
Score Distribution
Percent of People with Each Score
Percentile by Number Answered
Your Score History
You have not taken this quiz